[Event "Deutsche Einzelmeisterschaft 1997"] 
[Site "Gladenbach"]  
[Date "1997.11.20"] 
[Round "4"]
[White "Holzhaeuer,M"]
[Black "Teske,H"] 
[Result "1/2-1/2"] 
[WhiteElo "2355"]
[BlackElo "2515"]

1.e4 c5 2.Nf3 b6 3.Bc4 Bb7 4.c3 e6 5.Qe2 Ne7 6.d4 cxd4 7.cxd4 d5 8.Bb5+ Nbc6
9.e5 a6 10.Ba4 Nf5 11.Be3 Be7 12.Nc3 0-0 13.Bc2 Qd7 14.0-0 a5 15.Bxf5 exf5
16.Rfe1 Ba6 17.Qd2 h6 18.h4 Rac8 19.a3 Rc7 20.Ne2 Bxe2 21.Qxe2 Rfc8 22.Bf4
Qe6 23.Rac1 Nd8 24.Qd2 Rc4 25.Rxc4 Rxc4 26.Rc1 Qc6 27.b3 Rxc1+ 28.Qxc1 Qb5
29.Qc8 Qxb3 30.e6 fxe6 31.Bc7 Qc2 32.Qd7 Nc6 33.Qxe6+ Kh7 34.h5 Bxa3 35.Qg6+
Kg8 36.Qe8+ Bf8 37.Bd6 Ne7 38.Bxe7 Qc1+ 39.Kh2 Qc7+ 40.Ne5 Qxe7 41.Qg6 a4
42.g3 a3 43.Qxb6 f4 44.g4 Qh4+ 45.Kg1 Qf6 46.Qb8 f3 47.Qa8 Qe6 48.Kh2 Qd6
49.Kh3 Kh7 50.Ng6 Kg8 51.Ne5 Kh7 52.Ng6 1/2-1/2

[Event "Deutsche Einzelmeisterschaft 1997"] 
[Site "Gladenbach"]  
[Date "1997.11.20"] 
[Round "4"]
[White "Gisbrecht,E"]
[Black "Zude,E"] 
[Result "1-0"] 
[WhiteElo "2400"]
[BlackElo "2365"]

1.Nf3 Nf6 2.g3 g6 3.Bg2 Bg7 4.0-0 0-0 5.c4 d6 6.d4 Nc6 7.Nc3 a6 8.d5 Na5
9.Nd2 Nd7 10.Qc2 Ne5 11.b3 c6 12.Bb2 cxd5 13.Nxd5 Be6 14.Bc3 Bxd5 15.Bxd5
Nd7 16.Bxg7 Kxg7 17.Nb1 Nc6 18.Qb2+ Kg8 19.Nc3 Nf6 20.Bg2 Qa5 21.Rfd1 Qe5
22.Qd2 Rac8 23.Rac1 Kg7 24.Nd5 Ne4 25.Qe3 Nc5 26.Qxe5+ dxe5 27.Nb6 Rcd8
28.Rd5 Ne6 29.Rcd1 Ned4 30.Kf1 e6 31.Rxd8 Rxd8 32.e3 Nf5 33.Rd7 Rxd7 34.Nxd7
Nfe7 35.Nc5 Nb4 36.Bxb7 a5 37.a4 Kf8 38.Nd7+ Ke8 39.Nxe5 f6 40.Nf3 Na2
41.Ke1 Kd7 42.Kd2 Kd6 43.Be4 Nb4 44.Kc3 Na2+ 45.Kb2 Nb4 46.Ne1 Ke5 47.Bb1
Kd6 48.Kc3 Nec6 49.Nf3 Ne5 50.Nxe5 Kxe5 51.f4+ Kd6 52.Be4 Na2+ 53.Kd4 e5+
54.fxe5+ fxe5+ 55.Kd3 Nb4+ 56.Kc3 Na6 57.h4 Kc5 58.h5 gxh5 59.Bxh7 Nc7
60.Bg6 Ne6 61.Bxh5 Ng5 62.Bg6 Nh3 63.Bf5 Ng5 64.g4 Nh3 65.Kd3 Ng5 66.Ke2 Kb4
67.Kf2 1-0

[Event "Deutsche Einzelmeisterschaft 1997"] 
[Site "Gladenbach"]  
[Date "1997.11.20"] 
[Round "4"]
[White "Bastian,H"]
[Black "Gietl,T"] 
[Result "0-1"]
[WhiteElo "2375"]
[BlackElo "2300"]

1.e4 d6 2.d4 Nf6 3.Nc3 g6 4.Nf3 Bg7 5.Be2 0-0 6.0-0 c6 7.a4 a5 8.Re1 Qc7
9.Bf4 Bg4 10.Qd2 Bxf3 11.Bxf3 e5 12.Be3 Na6 13.Rad1 Rad8 14.Qc1 Rfe8 15.d5
Nb4 16.Bg5 h6 17.Bxh6 Bxh6 18.Qxh6 Nxc2 19.Rf1 Nd4 20.Rd3 Qe7 21.Bd1 Qf8
22.Qh4 Nd7 23.f4 Qe7 24.Qf2 Nc5 25.Rg3 exf4 26.Qxf4 Rd7 27.Bg4 Rc7 28.Bf5
Qe5 29.Qg4 Nxf5 30.exf5 cxd5 31.fxg6 f6 32.Qh4 Ne4 33.Nxe4 dxe4 34.Rh3 f5
35.Qh6 Qg7 36.Qg5 e3 37.Re1 Qd4 38.Qxf5 e2+ 39.Qf2 Qxb2 40.Rh7 Rxh7 41.gxh7+
Kh8 42.g4 Qe5 43.h4 Re7 44.Qf3 Kxh7 45.Kg2 d5 46.g5 Kg6 47.Kh3 d4 48.h5+ Kg7
49.h6+ Kg6 50.Kg2 Qxg5+ 0-1

[Event "Deutsche Einzelmeisterschaft 1997"] 
[Site "Gladenbach"]  
[Date "1997.11.20"] 
[Round "4"]
[White "Buhr,C"]
[Black "Schaller,S"] 
[Result "1/2-1/2"] 
[WhiteElo "2340"]
[BlackElo "2315"]

1.d4 d5 2.c4 e6 3.Nc3 f5 4.Bf4 c6 5.e3 Nf6 6.Bd3 Be7 7.Qc2 Bd7 8.Nge2 0-0
9.f3 dxc4 10.Bxc4 b5 11.Bd3 Nd5 12.Nxd5 cxd5 13.0-0 Qb6 14.Qc7 Qxc7 15.Bxc7
Na6 16.Bg3 Nb4 17.Bb1 Rac8 18.Nc3 a6 19.Rc1 Bg5 20.Kf2 f4 21.Bxf4 Bxf4
22.exf4 Rxf4 23.a3 Nc6 24.Ne2 Rh4 25.Kg3 g5 26.Rd1 Kg7 27.b3 Na5 28.Rd3 Be8
29.Re3 Kf6 30.Ra2 Nc6 31.Rd2 Ne7 32.h3 Bg6 33.Bd3 Bxd3 34.Rdxd3 Ng6 35.Rc3
Rxc3 36.Nxc3 Ne7 37.Kf2 Nc6 38.Ne2 Na5 39.Rd3 Ke7 40.Kg3 Rh6 1/2-1/2

[Event "Deutsche Einzelmeisterschaft 1997"] 
[Site "Gladenbach"]  
[Date "1997.11.20"] 
[Round "4"]
[White "Paehtz,T,jr"]
[Black "Seger,R"] 
[Result "0-1"] 
[WhiteElo "2135"]
[BlackElo "2340"]

1.e4 c6 2.d4 d5 3.exd5 cxd5 4.c4 Nf6 5.Nc3 e6 6.cxd5 Nxd5 7.Nf3 Bb4 8.Bd2
Nc6 9.Bd3 0-0 10.0-0 Be7 11.Qe2 Nf6 12.Ne4 Qb6 13.a3 Bd7 14.Be3 Nd5 15.Ne5
Be8 16.Nc4 Qd8 17.Rac1 Bf6 18.Nxf6+ Qxf6 19.Ne5 Rd8 20.Qh5 g6 21.Qg4 Nxe5
22.dxe5 Nxe3 23.fxe3 Qxe5 24.Bc4 Qxe3+ 25.Kh1 Rd4 0-1

[Event "Deutsche Einzelmeisterschaft 1997"] 
[Site "Gladenbach"]  
[Date "1997.11.20"] 
[Round "4"]
[White "Walter,G"]
[Black "Kersten,U"]
[Result "1/2-1/2"] 
[WhiteElo "2305"]
[BlackElo "2330"]

1.d4 Nf6 2.c4 e6 3.Nc3 Bb4 4.e3 c5 5.Bd3 Nc6 6.Nge2 cxd4 7.exd4 d5 8.cxd5
Nxd5 9.0-0 0-0 10.Bc2 Re8 11.Qd3 g6 12.Be3 Bf8 13.a3 Nce7 14.Bg5 Qa5 15.Ne4
Bd7 16.N2c3 Bg7 17.Rfd1 b5 18.Bb3 Qb6 19.Qf3 Rac8 20.Nxd5 Nxd5 21.Bxd5 exd5
22.Nf6+ Bxf6 23.Bxf6 Bg4 24.Qxg4 1/2-1/2

[Event "Deutsche Einzelmeisterschaft 1997"] 
[Site "Gladenbach"]  
[Date "1997.11.20"] 
[Round "4"]
[White "Oswald,H"]
[Black "Puth,D"]
[Result "1/2-1/2"] 
[WhiteElo "2330"]
[BlackElo "2300"]

1.e4 c5 2.Nf3 d6 3.Nc3 Nf6 4.d4 cxd4 5.Nxd4 a6 6.g3 e5 7.Nde2 b5 8.Bg2 Bb7
9.0-0 Nbd7 10.h3 Rc8 11.g4 h6 12.Be3 Qc7 13.Rc1 Nb6 14.Qd3 Nc4 15.Nd1 Be7
16.b3 Nxe3 17.Nxe3 g6 18.c4 bxc4 19.Nxc4 Qc5 20.Rfd1 Rd8 21.Nc3 0-0 22.b4
Qa7 23.Na5 Ba8 24.Nd5 Nxd5 25.exd5 Bg5 26.Rc2 Rc8 27.Be4 Kg7 28.Kg2 Qb6
29.a3 Bh4 30.Rdc1 Rxc2 31.Rxc2 f5 32.gxf5 gxf5 33.Bxf5 Bxd5+ 34.Qxd5 Rxf5
35.Qb7+ Qxb7+ 36.Nxb7 Rf6 37.f3 d5 38.Re2 Rg6+ 39.Kf1 Kf6 40.Nc5 Kf5 41.Nd3
e4 42.fxe4+ dxe4 43.Nc5 Rg3 44.Rxe4 Bf6 45.Re6 Rxa3 46.Rxa6 Rxh3 47.b5 Rh1+
48.Kg2 Rb1 49.Nd7 Bg5 50.b6 1/2-1/2

[Event "Deutsche Einzelmeisterschaft 1997"] 
[Site "Gladenbach"]  
[Date "1997.11.21"] 
[Round "5"]
[White "Mueller,K"]
[Black "Lutz,C"] 
[Result "1/2-1/2"] 
[WhiteElo "2505"]
[BlackElo "2590"]

1.e4 c5 2.Nf3 d6 3.d4 cxd4 4.Nxd4 Nf6 5.Nc3 a6 6.Bc4 e6 7.Bb3 b5 8.Bg5 Be7
9.Qf3 Qb6 10.0-0-0 Nbd7 11.Be3 Qb7 12.Qg3 b4 13.Nd5 exd5 14.Nf5 Ne5 15.Nxd6+
Bxd6 16.Qxg7 Ng6 17.Qxf6 Qe7 18.Qd4 Be5 19.Qxd5 Bb7 20.Ba4+ Kf8 21.Qa5 Bf4
22.Bxf4 Nxf4 23.f3 Ne6 24.Qb6 Rb8 25.Qf2 Qc5 26.Qh4 Qg5+ 27.Qxg5 Nxg5 28.Rd7
Kg7 29.Rhd1 Bc8 30.Ra7 Ne6 31.Bb3 Re8 32.Rd5 h6 33.Rd6 Kf8 34.Bxe6 Rxe6
35.Rxe6 Bxe6 36.Rxa6 Ke7 37.f4 h5 38.Ra5 h4 39.Rh5 Rg8 40.g3 hxg3 41.hxg3
Rxg3 42.Rb5 Rg4 43.Rxb4 Rxf4 44.a3 Kd6 45.Kd2 Rf2+ 46.Kd3 Kc5 47.c3 Rf3+
48.Kd2 Bg4 49.a4 Rf2+ 50.Ke3 Rf3+ 51.Kd2 Rf2+ 52.Ke3 Rf3+ 1/2-1/2

[Event "Deutsche Einzelmeisterschaft 1997"] 
[Site "Gladenbach"]  
[Date "1997.11.21"] 
[Round "5"]
[White "Wahls,M"]
[Black "Luther,T"] 
[Result "1-0"] 
[WhiteElo "2595"]
[BlackElo "2525"]

1.e4 e6 2.d4 d5 3.Nd2 Nf6 4.e5 Nfd7 5.c3 c5 6.Bd3 Nc6 7.Ne2 cxd4 8.cxd4 f6
9.exf6 Nxf6 10.Nf3 Qb6 11.0-0 Bd6 12.b3 e5 13.dxe5 Nxe5 14.Nxe5 Bxe5 15.Rb1
0-0 16.Bf4 Bxf4 17.Nxf4 Qd6 18.Qd2 Bd7 19.Rbd1 Rad8 20.g3 Rfe8 21.f3 Qb6+
22.Qf2 Re3 23.Kh1 Rde8 24.Ng2 Rxd3 25.Rxd3 Bb5 26.Qxb6 axb6 27.Rfd1 Bxd3
28.Rxd3 Re2 29.Nf4 Rxa2 30.Nxd5 Nxd5 31.Rxd5 Ra5 32.Rd4 Rb5 33.b4 Re5 34.Kg1
Re1+ 35.Kf2 Rb1 36.Ke3 Kf7 37.h4 Ke6 38.Kf4 b5 39.Kg5 Rc1 40.Re4+ Kd6 41.Rf4
Ke6 42.Rf5 Rc3 43.g4 b6 44.f4 Rg3 45.Rxb5 h6+ 46.Kh5 g6+ 47.Kxg6 Rxg4+
48.Kxh6 Rxf4 49.Kg5 Rf1 50.Rxb6+ Ke5 51.Rb5+ Ke6 52.Rc5 Rg1+ 53.Kh5 Rb1
54.b5 Kf6 55.Kg4 1-0

[Event "Deutsche Einzelmeisterschaft 1997"] 
[Site "Gladenbach"]  
[Date "1997.11.21"] 
[Round "5"]
[White "Gutman,L"]
[Black "Bischoff,K"]
[Result "1/2-1/2"] 
[WhiteElo "2475"]
[BlackElo "2535"]

1.Nf3 Nf6 2.g3 b6 3.Bg2 Bb7 4.0-0 e6 5.c4 Be7 6.Nc3 0-0 7.b3 d5 8.cxd5 Nxd5
9.Nxd5 Bxd5 10.Bb2 c5 11.Qc2 Nd7 12.Rac1 Rc8 13.Rfd1 Bf6 14.Bc3 Rc7 15.Qb2
Qa8 16.Bxf6 Nxf6 17.Qe5 Rd7 18.d4 Rfd8 19.Qf4 Be4 20.g4 Bb7 21.g5 Nd5 22.Qg4
Ne7 23.e3 cxd4 24.Rxd4 Bxf3 25.Bxf3 Rxd4 26.Qxd4 Rxd4 27.Bxa8 Rd7 28.Kf1 h6
29.gxh6 g6 30.Rc4 Kh7 31.Ke2 Kxh6 32.b4 Kg7 33.a4 Kf6 34.a5 Nd5 35.Bxd5 Rxd5
36.a6 Rd7 37.e4 Ke5 38.Ke3 g5 39.f3 f6 40.h4 gxh4 41.Rc8 Rh7 42.Rc6 f5
43.f4+ Kf6 44.e5+ Kf7 45.Kf2 h3 46.Kg1 h2+ 47.Kh1 b5 48.Rc7+ Kg6 49.Rb7 Rh4
50.Rxa7 Rxf4 51.Ra8 Rf1+ 52.Kxh2 Ra1 53.a7 Kg7 54.Kg3 Ra4 55.Kf3 Ra3+ 56.Kf4
Ra1 57.Ke3 Ra3+ 58.Kf4 Ra1 59.Rb8 Rxa7 60.Rxb5 Rc7 61.Kg5 Rf7 62.Kf4 Rc7
63.Rb6 Rc4+ 64.Kg5 Rg4+ 65.Kh5 Rg1 66.Rxe6 Kf7 67.Rc6 Ke7 68.b5 Re1 1/2-1/2

[Event "Deutsche Einzelmeisterschaft 1997"] 
[Site "Gladenbach"]  
[Date "1997.11.21"] 
[Round "5"]
[White "Kindermann,S"]
[Black "Schmaltz,R"]
[Result "1-0"] 
[WhiteElo "2570"]
[BlackElo "2445"]

1.e4 d6 2.d4 Nf6 3.Nc3 Nbd7 4.Nf3 e5 5.Bc4 Be7 6.0-0 0-0 7.a4 c6 8.Re1 b6
9.d5 cxd5 10.Nxd5 Bb7 11.b3 Rc8 12.Re2 Nxd5 13.Bxd5 Bxd5 14.Qxd5 Nf6 15.Qd1
d5 16.exd5 e4 17.Ng5 Nxd5 18.Nxe4 Bb4 19.Bd2 Re8 20.Bxb4 Nxb4 21.Rd2 Qh4
22.Nd6 Nxc2 23.Rxc2 Rxc2 24.Qxc2 Qf6 25.Qd1 Rd8 26.Rc1 Qe6 27.Rc6 1-0

[Event "Deutsche Einzelmeisterschaft 1997"] 
[Site "Gladenbach"]  
[Date "1997.11.21"] 
[Round "5"]
[White "Gietl,T"]
[Black "Slobodjan,R"]
[Result "0-1"] 
[WhiteElo "2300"]
[BlackElo "2550"]

1.e4 e5 2.Nf3 Nc6 3.Bc4 Nf6 4.d4 exd4 5.0-0 Bc5 6.c3 Nxe4 7.cxd4 d5 8.dxc5
dxc4 9.Qxd8+ Kxd8 10.Ng5 Nxg5 11.Bxg5+ f6 12.Bf4 Nb4 13.Na3 Nd3 14.Rad1 Bd7
15.Bg3 Nxb2 16.Rd4 Kc8 17.Rc1 Re8 18.f3 b5 19.cxb6 axb6 20.Nxc4 Nxc4
21.Rdxc4 c5 22.Rb4 Re6 23.Rc2 Be8 24.Rbb2 Kd7 25.Rc3 Kc6 26.Rcb3 Kb7 27.Bf2
Ba4 28.Rc3 Kc6 29.Be3 Rd8 30.Kf2 Rd5 31.Rb1 b5 32.Rbc1 c4 33.Re1 Kd7 34.Rec1
Rc6 35.Ke1 g5 36.Kf2 h6 37.h4 Ke6 38.hxg5 hxg5 39.Re1 Kf7 40.Rb1 Kg6 41.g4
Rd8 42.a3 Bb3 43.f4 gxf4 44.Bxf4 Ra6 45.Rh3 Rxa3 46.Rh6+ Kg7 47.Rbh1 Ra2+
48.Kg3 Rd3+ 49.Kh4 Rf2 50.Bc1 Rg2 51.Bf4 Bd1 0-1

[Event "Deutsche Einzelmeisterschaft 1997"] 
[Site "Gladenbach"]  
[Date "1997.11.21"] 
[Round "5"]
[White "Keitlinghaus,L"]
[Black "Gisbrecht,E"]
[Result "1/2-1/2"] 
[WhiteElo "2525"]
[BlackElo "2400"]

1.e4 c5 2.Nc3 Nc6 3.Bb5 g6 4.Bxc6 bxc6 5.d3 Bg7 6.f4 d6 7.Nf3 Nf6 8.0-0 0-0
9.Qe1 Nd7 10.Kh1 Rb8 11.b3 Re8 12.Bb2 Qa5 13.e5 Qd8 14.Qe4 d5 15.Qe1 Nb6
16.h3 c4 17.d4 a5 18.Ba3 Ra8 19.b4 axb4 20.Bxb4 Na4 21.Nxa4 Rxa4 22.g4 Bh6
23.Bd2 c5 24.f5 Bg7 25.e6 Rf8 26.Ng5 fxe6 27.Nxe6 Bxe6 28.Qxe6+ Kh8 29.fxg6
Rxa2 30.Rxf8+ Qxf8 31.Rxa2 Qf1+ 32.Kh2 Qf2+ 33.Kh1 Qf1+ 1/2-1/2

[Event "Deutsche Einzelmeisterschaft 1997"] 
[Site "Gladenbach"]  
[Date "1997.11.21"] 
[Round "5"]
[White "Zude,A"]
[Black "Maiwald,J"] 
[Result "0-1"] 
[WhiteElo "2395"]
[BlackElo "2450"]

1.e4 c5 2.Nf3 e6 3.d4 cxd4 4.Nxd4 Nc6 5.Nb5 d6 6.c4 Nf6 7.N1c3 a6 8.Na3 Be7
9.Be2 0-0 10.0-0 b6 11.Be3 Bb7 12.Qb3 Nd7 13.Rfd1 Nc5 14.Qc2 Qc7 15.Qd2 Ne5
16.f3 Rac8 17.Rac1 Ncd7 18.Qe1 Ng6 19.Kh1 Qb8 20.Qg3 Rfe8 21.Bf1 h5 22.Qf2
Bd8 23.Ne2 Bc7 24.Nf4 Nxf4 25.Bxf4 Nf8 26.Be3 Nd7 27.Nb1 Bc6 28.Nc3 Ne5
29.a4 Rf8 30.Qh4 g6 31.Rd2 Bd8 32.Qf2 f5 33.Bh6 Rf7 34.exf5 Rxf5 35.Qd4 Kh7
36.Be3 Bc7 37.Ne4 Bxe4 38.Qxe4 Re8 39.Bd4 Ref8 40.Bc3 Rf4 41.Qe3 Qe8 42.b3
Ng4 43.Qg1 Nh6 44.Re1 Qf7 45.Rde2 e5 46.Bd2 Rf6 47.Re4 Nf5 48.Bg5 Re6 49.Bd3
Ree8 50.f4 Nd4 51.fxe5 dxe5 52.Rf1 Qd7 53.Rd1 Kg7 54.Ree1 Bd8 55.Bc1 Kh7
56.Qe3 Qg7 57.Be4 Rf6 58.Bb2 Ref8 59.g3 Be7 60.Bg2 Bb4 61.Qxe5 Bxe1 62.Qxd4
Qe7 63.Qh4 Rf1+ 64.Bxf1 Rxf1+ 65.Kg2 Qe2+ 66.Kh3 Qe6+ 67.Kg2 Rg1+ 68.Kf3
Rf1+ 69.Kg2 Rf2+ 70.Kh1 Rxb2 71.Qf4 Bc3 72.Qf3 Bg7 0-1

[Event "Deutsche Einzelmeisterschaft 1997"] 
[Site "Gladenbach"]  
[Date "1997.11.21"] 
[Round "5"]
[White "Lampe,D"]
[Black "Teske,H"]
[Result "0-1"] 
[WhiteElo "2295"]
[BlackElo "2515"]

1.e4 c5 2.Nf3 Nc6 3.d4 cxd4 4.Nxd4 Qc7 5.Nc3 e6 6.Be2 a6 7.Be3 Nf6 8.0-0 Bb4
9.Na4 0-0 10.Nxc6 bxc6 11.Nb6 Rb8 12.Nxc8 Rfxc8 13.Bxa6 Re8 14.Bd3 Bd6 15.f4
e5 16.f5 Rxb2 17.g4 h6 18.Kh1 Be7 19.h4 d5 20.g5 dxe4 21.gxf6 exd3 22.fxe7
e4 23.Qg4 Rxc2 24.Rf4 f6 25.Rf2 Rxf2 26.Bxf2 Rxe7 27.Bg3 Qd8 28.Bf4 e3
29.Rg1 e2 30.Bxh6 e1Q 0-1

[Event "Deutsche Einzelmeisterschaft 1997"] 
[Site "Gladenbach"]  
[Date "1997.11.21"] 
[Round "5"]
[White "Seger,R"]
[Black "Schmittdiel,E"] 
[Result "0-1"] 
[WhiteElo "2340"]
[BlackElo "2450"]

1.e4 c5 2.c3 e6 3.d4 d5 4.exd5 exd5 5.Be3 Qb6 6.dxc5 Qxb2 7.Qb3 Qxa1 8.Bb5+
Bd7 9.Bxd7+ Nxd7 10.Nf3 Bxc5 11.0-0 Bxe3 12.fxe3 Ngf6 13.Nd4 Nc5 14.Qa3 Nd3
15.Nf5 0-0-0 16.Qxa7 Rhe8 17.Nxg7 Rg8 18.Qa8+ Kc7 19.Qa5+ Kb8 20.Qb6 Ne4
21.Rxf7 Ndc5 22.Ne6 Rd6 23.Qc7+ Ka7 24.Nxc5 Qxb1+ 25.Rf1 Rxg2+ 0-1

[Event "Deutsche Einzelmeisterschaft 1997"] 
[Site "Gladenbach"]  
[Date "1997.11.21"] 
[Round "5"]
[White "Schaller,S"]
[Black "Miltner,A"]
[Result "1/2-1/2"] 
[WhiteElo "2315"]
[BlackElo "2410"]

1.c4 e5 2.Nc3 d6 3.g3 Nf6 4.Bg2 Be7 5.Nf3 0-0 6.0-0 Re8 7.d3 c6 8.Rb1 a6
9.c5 d5 10.Na4 Nbd7 11.Qc2 Bf8 12.Bg5 Rb8 13.e4 h6 14.Bd2 g6 15.Ne1 dxe4
16.dxe4 Nxc5 17.Nxc5 Bxc5 18.Bxh6 Qb6 19.Nd3 Bd4 20.Kh1 Be6 21.b3 Rbc8 22.h3
Kh7 23.Bg5 Nh5 24.g4 f6 25.Bd2 Ng7 26.f4 Rh8 27.f5 gxf5 28.exf5 Bd5 29.Rbc1
Qb5 30.Nf2 Rcd8 31.Ne4 Ne8 32.Ng3 Kg8 33.Kh2 Rd7 34.Bxd5+ Rxd5 35.a4 Qb6
36.Ne4 Be3 37.a5 Qd4 38.Bc3 Qd3 39.Rf3 Bf4+ 40.Kg2 Qb5 41.Rd1 Rh7 42.Be1
Rhd7 43.Nc3 Qc5 44.Bf2 Rxd1 45.Bxc5 R1d2+ 46.Qxd2 Rxd2+ 47.Kf1 Kg7 48.Ke1
Rd7 49.Ne4 Nc7 50.Ke2 Nd5 51.Rd3 Kf7 52.Kf3 Kg7 53.h4 Rf7 54.Nd6 Rd7 55.Ke4
Kh7 56.Kf3 Rxd6 57.Bxd6 e4+ 58.Kxe4 Bxd6 59.g5 Bb4 1/2-1/2

[Event "Deutsche Einzelmeisterschaft 1997"] 
[Site "Gladenbach"]  
[Date "1997.11.21"] 
[Round "5"]
[White "Bode,W"]
[Black "Holzhaeuer,M"]
[Result "1/2-1/2"] 
[WhiteElo "2400"]
[BlackElo "2355"]

1.Nf3 Nf6 2.c4 e6 3.Nc3 Bb4 4.g3 c5 5.Bg2 0-0 6.0-0 Nc6 7.a3 Ba5 8.d3 d6
9.Rb1 Rb8 10.Ne1 Bd7 11.Bd2 a6 12.Nc2 b5 13.b4 cxb4 14.axb4 Bc7 15.Bg5 h6
16.Bxf6 Qxf6 17.Ne4 Qe7 18.c5 d5 19.Nc3 a5 20.d4 axb4 21.Na2 Ra8 22.Naxb4
Ra4 23.Nxc6 1/2-1/2

[Event "Deutsche Einzelmeisterschaft 1997"] 
[Site "Gladenbach"]
[Date "1997.11.21"] 
[Round "5"]
[White "Rabiega,R"]
[Black "Dittmar,P"] 
[Result "1-0"] 
[WhiteElo "2490"]
[BlackElo "2325"]

1.e4 e6 2.d4 d5 3.Nc3 Bb4 4.exd5 exd5 5.Bd3 Nc6 6.a3 Bxc3+ 7.bxc3 Qf6 8.Rb1
Nge7 9.Ne2 0-0 10.Bf4 b6 11.Bxc7 Bf5 12.Bg3 h5 13.h3 h4 14.Bh2 Qg5 15.Nf4
Na5 16.0-0 Rac8 17.Re1 Rxc3 18.Bxf5 Nxf5 19.Nxd5 Rxa3 20.c3 Nc6 21.Bf4 Qd8
22.Ne3 Nxe3 23.Rxe3 Re8 24.Rxe8+ Qxe8 25.d5 Nb8 26.Bxb8 Qxb8 27.d6 Ra5 28.d7
Qd8 29.Qd6 f6 30.f4 1-0

[Event "Deutsche Einzelmeisterschaft 1997"] 
[Site "Gladenbach"]  
[Date "1997.11.21"] 
[Round "5"]
[White "Zude,E"]
[Black "Schwing,H"]
[Result "1-0"] 
[WhiteElo "2365"]
[BlackElo "2315"]

1.d4 Nf6 2.Nf3 e6 3.c4 b6 4.Nc3 Bb4 5.Bg5 Bb7 6.e3 h6 7.Bh4 Bxc3+ 8.bxc3 d6
9.Nd2 e5 10.f3 Qe7 11.e4 c5 12.Bd3 Nc6 13.d5 Nb8 14.Bc2 Nbd7 15.Ba4 Kd8
16.Nf1 Bc8 17.Bc6 Rb8 18.a4 Nf8 19.a5 Ng6 20.axb6 axb6 21.Bxf6 Qxf6 22.Ne3
Qg5 23.Kd2 f5 24.exf5 Bxf5 25.h4 Qf6 26.Qa4 Rc8 27.Qa7 Re8 28.h5 Nf4 29.g4
e4 30.Nxf5 e3+ 31.Kc2 1-0

[Event "Deutsche Einzelmeisterschaft 1997"] 
[Site "Gladenbach"]  
[Date "1997.11.21"] 
[Round "5"]
[White "Buhr,C"]
[Black "Walter,G"] 
[Result "1-0"] 
[WhiteElo "2340"]
[BlackElo "2305"]

1.d4 d5 2.c4 e6 3.Nc3 a6 4.cxd5 exd5 5.Nf3 Be7 6.Qb3 c6 7.e4 Nf6 8.e5 Ne4
9.Bd3 Nxc3 10.bxc3 Nd7 11.0-0 b5 12.Qb1 Nf8 13.Ne1 Be6 14.f4 g6 15.a4 Rb8
16.axb5 axb5 17.Nc2 f5 18.exf6 Bxf6 19.Nb4 Bd7 20.Re1+ Kf7 21.Ra7 Qb6 22.Qa1
Rb7 23.Ra6 Qc7 24.Qa2 Ne6 25.f5 Nd8 26.Rf1 g5 27.Qe2 Kg7 28.Bb1 Nf7 29.Nd3
Re8 30.Qf3 Ra7 31.Rxa7 Qxa7 32.Nc5 Bc8 33.Ne6+ Kh8 34.Qh5 Rg8 35.Qh3 Qe7
36.Qf3 Nd6 37.Ba3 Qd7 38.Qh5 Ne4 39.Bxe4 dxe4 40.Nf8 Qb7 41.Qh6 1-0

[Event "Deutsche Einzelmeisterschaft 1997"] 
[Site "Gladenbach"]
[Date "1997.11.21"] 
[Round "5"]
[White "Kersten,U"]
[Black "Paehtz,T,jr"]
[Result "1-0"] 
[WhiteElo "2330"]
[BlackElo "2135"]

1.e4 c5 2.Nf3 d6 3.d4 cxd4 4.Qxd4 a6 5.c4 Nc6 6.Qd2 g6 7.b3 Bg7 8.Bb2 Bxb2
9.Qxb2 Nf6 10.Nc3 0-0 11.Bd3 e5 12.0-0 Nh5 13.Nd5 Ne7 14.Nxe7+ Qxe7 15.Rfc1
Nf4 16.Bf1 f5 17.exf5 Bxf5 18.c5 dxc5 19.Qxe5 Qxe5 20.Nxe5 Rac8 21.g3 Nh3+
22.Kg2 Rce8 23.Rxc5 b6 24.Bc4+ Be6 25.Bxe6+ Rxe6 26.Rc2 Nxf2 27.Nxg6 hxg6
28.Rxf2 Rxf2+ 29.Kxf2 Rc6 30.Re1 Kg7 31.Kf3 Kf6 32.Re2 Kf5 33.h4 Rc3+ 34.Re3
Rc2 35.a4 a5 36.Rd3 Rc6 37.Rd5+ Kf6 38.Kg4 Kg7 39.Kg5 Rc3 40.Rd7+ Kg8 41.g4
Rc6 42.Kh6 Kf8 43.Rb7 Rd6 44.g5 Re6 45.Kh7 Rd6 46.h5 Rd3 47.Kxg6 1-0

[Event "Deutsche Einzelmeisterschaft 1997"] 
[Site "Gladenbach"]  
[Date "1997.11.21"] 
[Round "5"]
[White "Dobierzin,O"]
[Black "Oswald,H"]
[Result "0-1"] 
[WhiteElo "2180"]
[BlackElo "2330"]

1.e4 d5 2.exd5 Nf6 3.d4 Nxd5 4.Nf3 g6 5.c4 Nb6 6.h3 Bg7 7.Nc3 0-0 8.Be3 Nc6
9.Qd2 e5 10.d5 Ne7 11.g4 e4 12.Nxe4 f5 13.Nc5 fxg4 14.Ng5 Nf5 15.Nge6 Bxe6
16.Nxe6 Qf6 17.hxg4 Nxe3 18.fxe3 Qf3 19.Qh2 Qxe3+ 20.Be2 Bc3+ 21.bxc3 Qxc3+
22.Kd1 Qxa1+ 23.Kc2 Qxa2+ 24.Kc1 Rf7 25.Ng5 Nxc4 26.Bxc4 Qxc4+ 27.Kb2 Qd4+
28.Kb1 Qb6+ 0-1

[Event "Deutsche Einzelmeisterschaft 1997"] 
[Site "Gladenbach"]  
[Date "1997.11.22"] 
[Round "6"]
[White "Mueller,K"]
[Black "Wahls,M"]
[Result "0-1"] 
[WhiteElo "2505"]
[BlackElo "2595"]

1.e4 c5 2.Nf3 d6 3.d4 cxd4 4.Nxd4 Nf6 5.Nc3 a6 6.Bc4 e6 7.Bb3 b5 8.Bg5 Be7
9.Qf3 Qc7 10.e5 Bb7 11.exd6 Bxd6 12.Qe3 Bc5 13.0-0-0 Nbd7 14.Bxe6 0-0 15.Bb3
Rae8 16.Qh3 b4 17.Na4 Bd6 18.Kb1 Ne4 19.Be3 Ndf6 20.Rhe1 Bc8 21.Nf5 g6
22.Nh6+ Kg7 23.Qf3 Bb7 24.Qe2 Bf4 25.Ng4 Nxg4 26.Qxg4 Bxe3 27.Rxe3 Qxh2
28.Rh3 Qxg2 29.Qxg2 Nd2+ 30.Kc1 Bxg2 31.Rh4 Bf3 32.Rg1 Nxb3+ 33.axb3 a5
34.Rf4 Bc6 35.Nb6 Re4 36.Rxe4 Bxe4 37.Nc4 Bd5 38.Kd2 Rd8 39.Ke3 a4 40.Nb6
axb3 41.Nxd5 Rxd5 42.cxb3 Re5+ 43.Kf3 Rf5+ 44.Ke3 h5 45.Rh1 Re5+ 46.Kf3 f5
47.Rc1 Re4 48.Kg3 h4+ 49.Kh3 g5 50.Rc6 Rf4 51.Kg2 g4 52.Rb6 h3+ 53.Kg1 Kf7
0-1

[Event "Deutsche Einzelmeisterschaft 1997"] 
[Site "Gladenbach"]  
[Date "1997.11.22"] 
[Round "6"]
[White "Lutz,C"]
[Black "Bischoff,K"] 
[Result "1/2-1/2"] 
[WhiteElo "2590"]
[BlackElo "2535"]

1.e4 c5 2.Nf3 e6 3.d4 cxd4 4.Nxd4 a6 5.Bd3 Ne7 6.0-0 Nbc6 7.Nb3 Ng6 8.c4 Be7
9.Nc3 0-0 10.Be3 b6 11.Rc1 Nge5 12.Be2 d6 13.Qd2 Bb7 14.Rfd1 Nd7 15.Nd4 Qb8
16.Rc2 Rd8 17.Rcc1 Qa7 1/2-1/2

[Event "Deutsche Einzelmeisterschaft 1997"] 
[Site "Gladenbach"]  
[Date "1997.11.22"] 
[Round "6"]
[White "Maiwald,J"]
[Black "Kindermann,S"] 
[Result "1/2-1/2"] 
[WhiteElo "2450"]
[BlackElo "2570"]

1.e4 e6 2.d3 c5 3.g3 Nc6 4.Bg2 g6 5.Nf3 Bg7 6.0-0 Nge7 7.Re1 d6 8.c3 0-0
9.d4 cxd4 10.cxd4 Qb6 11.d5 Bxb2 12.Bxb2 Qxb2 13.dxc6 Qxa1 14.Qb3 Nxc6
15.Nc3 Nd4 16.Rxa1 Nxb3 17.axb3 Bd7 18.e5 d5 19.Bh3 Rfd8 20.Nd4 a6 21.f4 h5
22.Kf2 Rac8 23.Nce2 Rc5 24.Ke3 Bb5 25.Nxb5 Rxb5 26.Nd4 Rc5 27.Bf1 Rdc8
28.Kd2 1/2-1/2

[Event "Deutsche Einzelmeisterschaft 1997"] 
[Site "Gladenbach"]  
[Date "1997.11.22"] 
[Round "6"]
[White "Slobodjan,R"]
[Black "Gutman,L"] 
[Result "0-1"] 
[WhiteElo "2550"]
[BlackElo "2450"]

1.e4 c5 2.Nf3 d6 3.d4 cxd4 4.Nxd4 Nf6 5.Nc3 a6 6.Be2 e5 7.Nb3 Be7 8.0-0 0-0
9.Kh1 Be6 10.f4 b5 11.a4 Nbd7 12.fxe5 Nxe5 13.Nd5 Nxe4 14.axb5 Bh4 15.Qd4 f5
16.Nf4 Bf7 17.Rxa6 Rc8 18.Nd2 Nf2+ 19.Kg1 Rxc2 20.Rxd6 Qe7 21.b3 Nfg4 22.Ba3
Rxd2 23.Qxd2 Qa7+ 24.Qd4 Qxa3 25.h3 Be7 26.Rd5 Bf6 27.Qc5 Qxc5+ 28.Rxc5 Ng6
29.Nxg6 hxg6 30.Rd1 Bg5 31.Rc7 Be3+ 32.Kf1 Bf4 33.Rxf7 Ne3+ 34.Kg1 Kxf7
35.Rd7+ Kf6 36.Kf2 Nc2 37.Bd3 Rc8 38.b6 Nb4 39.Bc4 g5 40.b7 Rb8 41.g4 fxg4
42.hxg4 Nc6 43.Be2 Ne5 44.Rd6+ Ke7 45.Rb6 Kd7 46.Rb4 Kc7 47.Ba6 Nxg4+ 48.Kf3
Nf6 49.Rb5 Kc6 50.b4 Nd7 51.Rf5 Kb6 52.Ra5 Rf8 53.Kg2 Nb8 54.Be2 Kxb7
55.Rb5+ Kc7 56.Rc5+ Kd6 57.Bf3 Nd7 58.Ra5 Rh8 59.Ra6+ Ke7 60.Ra7 Rh2+ 61.Kf1
Be3 0-1

[Event "Deutsche Einzelmeisterschaft 1997"] 
[Site "Gladenbach"] 
[Date "1997.11.22"] 
[Round "6"]
[White "Luther,T"]
[Black "Gisbrecht,E"] 
[Result "1/2-1/2"] 
[WhiteElo "2525"]
[BlackElo "2400"]

1.e4 c5 2.Nf3 Nf6 3.Nc3 d5 4.exd5 Nxd5 5.Bb5+ Nc6 6.Ne5 Qd6 7.d4 cxd4 8.Qxd4
Ndb4 9.Qxd6 exd6 10.Nxc6 bxc6 11.Ba4 Bb7 12.Be3 Be7 13.a3 Na6 14.Nd5 Bd8
15.Nb4 Nxb4 16.axb4 Bb6 17.Ra3 0-0 18.Kd2 Bxe3+ 19.Rxe3 a5 20.bxa5 Rxa5
21.b3 c5 22.f3 g6 23.Rd1 Rd8 24.Re7 Bd5 25.Rd7 Rxd7 26.Bxd7 Be6 27.Bxe6 fxe6
28.Kc3 d5 29.Kb2 Kf7 30.c3 Kf6 31.b4 Ra8 32.Rb1 Ke7 33.f4 Kd6 34.Re1 Rf8
35.g3 g5 36.bxc5+ Kxc5 37.fxg5 Rf2+ 38.Kb3 Kd6 39.Rh1 Rg2 40.Kb4 Rb2+ 41.Ka3
Rg2 42.Kb4 e5 43.Rf1 Rb2+ 44.Ka3 Rxh2 45.Rf6+ Kc5 46.Kb3 Rg2 47.g6 Rxg3
48.gxh7 Rh3 49.Re6 e4 50.Re7 Kd6 51.Rg7 d4 52.h8Q Rxh8 1/2-1/2

[Event "Deutsche Einzelmeisterschaft 1997"] 
[Site "Gladenbach"]
[Date "1997.11.22"] 
[Round "6"]
[White "Teske,H"]
[Black "Heinemann,T"] 
[Result "1/2-1/2"] 
[WhiteElo "2515"]
[BlackElo "2450"]

1.Nf3 Nf6 2.c4 c5 3.Nc3 Nc6 4.g3 g6 5.Bg2 Bg7 6.0-0 0-0 7.d4 cxd4 8.Nxd4 Ng4
9.e3 Nge5 10.b3 Nxd4 11.exd4 Nc6 12.Be3 d6 13.Qd2 Re8 14.Rfe1 Bd7 15.Rac1 a6
16.d5 Ne5 17.Ne4 Bf5 18.Bd4 Rb8 19.Qc3 Bh6 20.Rc2 Nd7 21.Rce2 Bxe4 22.Rxe4
Bg5 23.Bh3 Bf6 24.Bxd7 Bxd4 25.Qxd4 Qxd7 26.Qe3 b5 27.Rxe7 Rxe7 28.Qxe7 Qxe7
29.Rxe7 bxc4 30.bxc4 Rb4 31.Rc7 Kf8 32.Rc6 Ke7 33.Rxa6 Rxc4 34.Ra7+ Kf6
35.Rd7 Ra4 36.Rxd6+ Ke7 37.Rb6 Rxa2 38.Rb7+ Kd8 39.Rb5 h5 40.Kg2 Ra3 41.f3
Ra2+ 42.Kh3 Rf2 43.f4 Rd2 44.f5 Ke7 45.fxg6 fxg6 46.Rb6 Rxd5 47.Rxg6 Kf7
48.Ra6 Kg7 49.Kh4 Kh7 50.Re6 Ra5 1/2-1/2